Information technology act, 2000: (Record no. 8430)

MARC details
000 -LEADER
fixed length control field 00730 a2200193 4500
010 ## - LCCN (DPL NO)
LC control number ENG-88456
020 ## - INTERNATIONAL STANDARD BOOK NUMBER
International Standard Book Number 8189652230
Terms of availability 600.00
035 ## - SYSTEM CONTROL NUMBER
System control number EN-71989
037 ## - SOURCE OF ACQUISITION
Source of stock number/acquisition DBAD / PUB
082 14 - DEWEY DECIMAL CLASSIFICATION NUMBER
Classification number 343.540999
100 ## - MAIN ENTRY--PERSONAL NAME
Personal name Chansoria, Divya
245 1# - TITLE STATEMENT
Title Information technology act, 2000:
Statement of responsibility, etc by Divya Chansoria [and] Rajeshwar Ashok Srivastava
Remainder of title a conceptual paradigm shift in law/
260 ## - PUBLICATION, DISTRIBUTION, ETC. (IMPRINT)
Place of publication, distribution, etc Delhi
Name of publisher, distributor, etc Vista International Publishing House
Date of publication, distribution, etc 2006
270 ## - ADDRESS
Address V-196, Near Shiv Sadhna Mandir, C-11, Yamuna Vihar,
State or province Delhi
Postal code 110 053
300 ## - PHYSICAL DESCRIPTION
Extent viii, 256p.
Dimensions 22cm (Hb)
500 ## - GENERAL NOTE
General note Includes bibliographical references and index
700 ## - ADDED ENTRY--PERSONAL NAME
Personal name Srivastava, Rajeshwar Ashok
942 ## - ADDED ENTRY ELEMENTS (KOHA)
Institution code [OBSOLETE] dpl
Item type English Books
Source of classification or shelving scheme Dewey Decimal Classification
Classification part 343.540999
Call number suffix CHA
Holdings
Withdrawn status Lost status Not for loan Collection code Home library Current library Source of acquisition Cost, normal purchase price Full call number Barcode Copy number Cost, replacement price Koha item type
    Not For Loan Non-fiction D.B.Act.Division D.B.Act.Division DBAD/PUB 600.00 343.540999 CHA EN-71989 1 600.00 English Books

© Delhi Public Library
Hit Counter
free hit counter